| 000 | 01027nam a22003257a 4500 | ||
|---|---|---|---|
| 001 | BR9101336 | ||
| 003 | BR-BrBNA | ||
| 005 | 20230928093540.0 | ||
| 007 | ta | ||
| 008 | 230509b bl.||||| |||| 00| 0 por d | ||
| 040 |
_aBR-BrBNA _bpor _cBiblioteca Nacional de Agricultura |
||
| 041 | _a(Por) | ||
| 072 |
_aE16; E70; F01 _b1112 _b/G514 |
||
| 090 | _ 1112 BR9101336 | ||
| 110 | 1 |
_aAssociacao de Credito e Assistencia Rural de Santa Catarina, Florianopolis (Brasil). Servico de Extensao Rural _9446 |
|
| 111 | 1 |
_a1. Seminario Sul-Brasileiro sobre a Cultura da Banana _cJaragua do Sul, SC (Brazil) _d25-27 Nov 1986 |
|
| 245 | 1 | _aAnais do 1. Seminario Sul-Brasileiro sobre a Cultura da Banana | |
| 260 | 3 |
_aFlorianopolis, SC (Brasil): _c1987. |
|
| 300 | _a85 p. | ||
| 650 | _aBANANA | ||
| 650 | _aPRODUCAO | ||
| 650 | _aCONSUMO | ||
| 650 | _aPRECO | ||
| 650 | _aCOLHEITA | ||
| 650 | _aARMAZENAMENTO | ||
| 650 | _aINDUSTRIALIZACAO | ||
| 650 | _aREGIAO SUL | ||
| 909 |
_a202309 _bLucia _c55 _dLucia Elande |
||
| 942 | _cBK | ||
| 999 |
_c45632 _d45632 |
||